000 00545nmm a2200169Ia 4500
008 251105s9999||||xx |||||||||||||||||und||
020 _a9788476588550
041 _aspa
100 _aRincón, Carlos y Serna Arango, Julián
245 0 _aLa palabra como provocación. Magia, versos y filosofemas
264 _a[Madrid, España] :
_bAnthropos,
_c2008
300 _a174 páginas
490 _aAutores, textos y temas. Filosofía
650 _aPhilosophy of language
856 _uhttps://public.digitaliapublishing.com/a/15683
942 _cCF
999 _c85187
_d85187